00822nam a2200241Ia 4500003000400000005001700004008004100021020001800062040001800080041000800098082002000106100002500126245005600151250001200207260003500219300002800254650002500282650003100307650003000338942002900368999001900397952016400416OSt20260325105515.0210716s2011 xx 000 0 und d a9788184897562 cAIMIT LIBRARY aeng a511.3 22bVINJ aVince, John.9259252 aMathematics for computer graphics /cBy John Vince. a3st ed. aNew Delhi :bSpringer ,c2011. axv,293p. ;bPBc23.3 cm aTrigonometry9259253 aCurves and patches9259254 aGeometric algebra9259255 2ddccBKe3rdk511.3 VINJ c194585d194585 00102ddc40708MCAaAIMITbAIMITeKnowledge Worldg645.00iBillno:445;Billdt:2015-03-20l0o511.3 VINJpMCA14093r2026-05-23 00:00:00v483.75w2021-07-16yBK